[Event "Cuba ch Final"]
[Site "Santa Clara CUB"]
[Date "2006.04.04"]
[Round "11.1"]
[White "Quezada, Yuniesky"]
[Black "Vera, Reynaldo"]
[Result "1-0"]
[WhiteElo "2512"]
[BlackElo "2516"]
[PlyCount "83"]
[EventDate "2006.04.04"]
[EventCountry "CUB"]
[Source "lmi"]
[SourceDate "2006.04.15"]

1. e4 c5 2. Nf3 d6 3. d4 Nf6 4. Nc3 cxd4 5. Nxd4 a6 6. Be3 e6 7. f3 b5 8. g4 b4
9. Nce2 h6 10. c4 bxc3 11. Nxc3 Be7 12. Qc2 Bd7 13. O-O-O Nc6 14. Nxc6 Bxc6 15.
Kb1 Qc7 16. h4 Qb7 17. Be2 Nd7 18. g5 hxg5 19. hxg5 Rxh1 20. Rxh1 Rb8 21. f4
Nc5 22. Bxc5 dxc5 23. Rh8+ Bf8 24. f5 Qe7 25. fxe6 Qxe6 26. Bxa6 Rb4 27. Bd3
Qe5 28. g6 Rd4 29. gxf7+ Ke7 30. Nd5+ Bxd5 31. Qxc5+ Kf6 32. Qxf8 Bxf7 33. Rh1
Rxd3 34. Rf1+ Kg5 35. Qxf7 g6 36. Qf2 Qxe4 37. Ka1 Rh3 38. Rg1+ Kh6 39. Qf6 Kh7
40. Qf7+ Kh6 41. Qg8 Qg2 42. Qh8+ 1-0

[Event "Cuba ch Final"]
[Site "Santa Clara CUB"]
[Date "2006.04.04"]
[Round "11.4"]
[White "Corrales, Fidel"]
[Black "Pozo, Sandro"]
[Result "1-0"]
[WhiteElo "2493"]
[BlackElo "2457"]
[PlyCount "67"]
[EventDate "2006.04.04"]
[EventCountry "CUB"]
[Source "lmi"]
[SourceDate "2006.04.15"]

1. e4 e6 2. d4 d5 3. Nc3 Bb4 4. e5 c5 5. a3 Bxc3+ 6. bxc3 Ne7 7. Qg4 Qc7 8.
Qxg7 Rg8 9. Qxh7 cxd4 10. Ne2 Nbc6 11. f4 Bd7 12. Qd3 dxc3 13. h4 O-O-O 14. h5
Nf5 15. Rh3 d4 16. Rb1 Rdf8 17. Qf3 f6 18. exf6 Rxf6 19. g4 Nfe7 20. h6 e5 21.
f5 Be6 22. Ng3 Bd5 23. Ne4 Rff8 24. Bd3 Nd8 25. h7 Rh8 26. Qg3 Nf7 27. Bh6 Nxh6
28. Rxh6 Bc6 29. Nd6+ Kb8 30. Nxb7 Ka8 31. Nc5 Rb8 32. Rxb8+ Qxb8 33. Kf2 Qf8
34. Qxe5 1-0

[Event "Cuba ch Final"]
[Site "Santa Clara CUB"]
[Date "2006.04.05"]
[Round "12.2"]
[White "Dominguez, Lenier"]
[Black "Nogueiras, Jesus"]
[Result "1/2-1/2"]
[WhiteElo "2647"]
[BlackElo "2556"]
[PlyCount "106"]
[EventDate "2006.04.04"]
[EventCountry "CUB"]
[Source "lmi"]
[SourceDate "2006.04.15"]

1. e4 e6 2. d4 d5 3. Nc3 dxe4 4. Nxe4 Nd7 5. Nf3 Ngf6 6. Nxf6+ Nxf6 7. c3 c5 8.
Ne5 a6 9. Be3 Qc7 10. Qa4+ Nd7 11. Bb5 cxd4 12. Bxd7+ Bxd7 13. Qxd4 f6 14. Nxd7
Qxd7 15. Qxd7+ Kxd7 16. O-O-O+ Kc6 17. Rd4 b5 18. Rhd1 Be7 19. Rd7 Rhe8 20. g4
e5 21. h4 g6 22. Kc2 h5 23. gxh5 gxh5 24. b4 a5 25. Kb3 axb4 26. cxb4 Red8 27.
Rxd8 Rxd8 28. Rc1+ Kb7 29. Rg1 Rd3+ 30. Kc2 Rd7 31. Rg6 Bxb4 32. Rxf6 Be7 33.
Rb6+ Kc7 34. Rxb5 Bxh4 35. Rxe5 Rf7 36. f4 Bg3 37. Re4 h4 38. Kd3 h3 39. Rc4+
Kd6 40. Ke4 h2 41. Rc1 Rc7 42. Rh1 Rc2 43. Kf3 Bh4 44. a4 Ra2 45. Kg4 Be7 46.
Kf5 Rxa4 47. Rxh2 Kd7 48. Rh7 Ra5+ 49. Kg6 Ra6+ 50. Kf7 Rf6+ 51. Kg7 Ke6 52.
Rh5 Bf8+ 53. Kg8 Bd6 1/2-1/2

[Event "Cuba ch Final"]
[Site "Santa Clara CUB"]
[Date "2006.04.05"]
[Round "12.4"]
[White "Pozo, Sandro"]
[Black "Corrales, Fidel"]
[Result "0-1"]
[WhiteElo "2457"]
[BlackElo "2493"]
[PlyCount "66"]
[EventDate "2006.04.04"]
[EventCountry "CUB"]
[Source "lmi"]
[SourceDate "2006.04.15"]

1. e4 c5 2. Nf3 d6 3. d4 cxd4 4. Qxd4 Nc6 5. Bb5 Bd7 6. Bxc6 Bxc6 7. Nc3 Nf6 8.
Bg5 Qb6 9. Qd3 Qxb2 10. O-O Qb6 11. Nd4 e6 12. Rab1 Qd8 13. Bxf6 gxf6 14. f4
Be7 15. f5 Qc8 16. Kh1 Bd7 17. Qh3 b6 18. Rbd1 Qc4 19. fxe6 fxe6 20. Qh5+ Kd8
21. Rd3 Rc8 22. Qf7 b5 23. Re1 b4 24. Nf5 exf5 25. Nd5 Re8 26. exf5 Qxc2 27.
Rdd1 Rc5 28. Nxe7 Re5 29. Qxf6 R8xe7 30. h3 Qxf5 31. Qh4 Qg5 32. Qxb4 Rxe1+ 33.
Rxe1 Bc6 0-1

[Event "Cuba ch Final"]
[Site "Santa Clara CUB"]
[Date "2006.04.06"]
[Round "14.1"]
[White "Quezada, Yuniesky"]
[Black "Vera, Reynaldo"]
[Result "1-0"]
[WhiteElo "2512"]
[BlackElo "2516"]
[PlyCount "43"]
[EventDate "2006.04.04"]
[EventCountry "CUB"]
[Source "lmi"]
[SourceDate "2006.04.15"]

1. e4 c5 2. Nf3 d6 3. d4 cxd4 4. Nxd4 Nf6 5. Nc3 a6 6. Be3 e6 7. f3 b5 8. g4 h6
9. Qd2 Nbd7 10. O-O-O Ne5 11. Bd3 b4 12. Nce2 d5 13. exd5 Nxd5 14. Nf4 Be7 15.
Kb1 Nxd3 16. Qxd3 Nxf4 17. Bxf4 Qb6 18. Qe3 Bb7 19. Rhe1 O-O-O 20. Nf5 Qc5 21.
Nxe7+ Qxe7 22. Qe5 1-0

[Event "Cuba ch Final"]
[Site "Santa Clara CUB"]
[Date "2006.04.07"]
[Round "21.1"]
[White "Quezada, Yuniesky"]
[Black "Dominguez, Lenier"]
[Result "0-1"]
[WhiteElo "2512"]
[BlackElo "2647"]
[PlyCount "101"]
[EventDate "2006.04.04"]
[EventCountry "CUB"]
[Source "lmi"]
[SourceDate "2006.04.15"]

1. e4 c5 2. Nf3 d6 3. d4 cxd4 4. Nxd4 Nf6 5. Nc3 a6 6. Be3 e6 7. f3 b5 8. g4 h6
9. Qd2 b4 10. Nce2 e5 11. Nb3 Nc6 12. Ng3 Be6 13. O-O-O Qc7 14. Kb1 a5 15. Bb5
a4 16. Nc1 Qb7 17. Bxc6+ Qxc6 18. Nd3 Rb8 19. Nxb4 Qb5 20. a3 d5 21. Qd3 Bxb4
22. Qxb5+ Rxb5 23. axb4 Rxb4 24. Nf5 Bxf5 25. exf5 Kd7 26. Bd2 Rc4 27. Rhe1 Kd6
28. Bc1 Rb8 29. Rd3 d4 30. Bd2 Nd5 31. Ra3 f6 32. h3 Rb7 33. Rd1 Kc6 34. Kc1
Rb3 35. Be1 Rxa3 36. bxa3 Ne3 37. Rd2 Rc3 38. Kb1 Rxa3 39. Rd3 Rxd3 40. cxd3
Kb5 41. Kb2 Nd5 42. Ka3 Nf4 43. Bb4 Nxd3 44. Bf8 Nf4 45. Kb2 d3 46. Kc3 Kc6 47.
h4 h5 48. gxh5 Nxh5 49. Kxd3 Kd7 50. Ke3 Ke8 51. Bc5 0-1

[Event "Cuba ch Final"]
[Site "Santa Clara CUB"]
[Date "2006.04.07"]
[Round "21.4"]
[White "Pozo, Sandro"]
[Black "Arencibia, Walter"]
[Result "1-0"]
[WhiteElo "2457"]
[BlackElo "2535"]
[PlyCount "95"]
[EventDate "2006.04.04"]
[EventCountry "CUB"]
[Source "lmi"]
[SourceDate "2006.04.15"]

1. e4 c5 2. Nf3 e6 3. d4 cxd4 4. Nxd4 a6 5. Bd3 Bc5 6. c3 Qc7 7. O-O Nf6 8. Qe2
d6 9. Be3 Nbd7 10. f4 e5 11. fxe5 Nxe5 12. h3 d5 13. Bf4 O-O 14. exd5 Re8 15.
Nd2 Nxd5 16. Bg3 Nb4 17. Bc4 Bd7 18. Bxe5 Rxe5 19. Rxf7 Bxd4+ 20. cxd4 Rxe2 21.
Rxd7+ Qxc4 22. Nxc4 b5 23. Nd6 Rf8 24. Rf1 Rxb2 25. Nf5 Kh8 26. Re1 Nd3 27.
Ree7 Nf4 28. Ne3 Nh5 29. d5 Rxa2 30. d6 Rd2 31. Nf5 Nf4 32. Nh4 Rg8 33. Rf7 Nh5
34. Nf5 b4 35. Rb7 a5 36. d7 Nf6 37. Ne7 Rd8 38. Nc6 R2xd7 39. Nxd8 Rxd8 40.
Rxg7 h5 41. Rgf7 Ne4 42. Rh7+ Kg8 43. Rxh5 Ra8 44. Rbb5 Nc3 45. Rxa5 Rxa5 46.
Rxa5 b3 47. Ra8+ Kf7 48. Rb8 1-0

[Event "Cuba ch Final"]
[Site "Santa Clara CUB"]
[Date "2006.04.08"]
[Round "22.1"]
[White "Dominguez, Lenier"]
[Black "Quezada, Yuniesky"]
[Result "1/2-1/2"]
[WhiteElo "2647"]
[BlackElo "2512"]
[PlyCount "120"]
[EventDate "2006.04.04"]
[EventCountry "CUB"]
[Source "lmi"]
[SourceDate "2006.04.15"]

1. e4 c5 2. Nf3 d6 3. d4 cxd4 4. Nxd4 Nf6 5. Nc3 a6 6. Be3 e5 7. Nf3 Be7 8. Bc4
O-O 9. O-O Be6 10. Qe2 Bxc4 11. Qxc4 Nbd7 12. Qd3 Qc7 13. Rfd1 Rac8 14. Bg5 b5
15. a3 Qb6 16. Bxf6 Nxf6 17. Nd2 Qa7 18. Nf1 Bd8 19. Qe2 Bb6 20. Nd5 Nxd5 21.
Rxd5 Bc5 22. c3 a5 23. Ne3 g6 24. Qd3 a4 25. Kh1 Rb8 26. Re1 Qe7 27. f3 Kh8 28.
Qd2 h5 29. Nc2 Qh4 30. Nb4 Bf2 31. Rf1 Bg3 32. h3 Bf4 33. Qf2 Qxf2 34. Rxf2 Rb6
35. Re2 f5 36. Kg1 Bg3 37. Kf1 Kg7 38. Re3 Kf7 39. Rd1 h4 40. Ke2 Ke6 41. Kd3
Bf2 42. Re2 Bc5 43. Kc2 Bxb4 44. axb4 g5 45. Kd3 Rc8 46. exf5+ Kxf5 47. Re4
Rbc6 48. Ke2 Ra8 49. Rd5 a3 50. bxa3 Rxa3 51. Rxb5 Raxc3 52. Rd5 Rb3 53. Rd2
Rb6 54. Rc4 Ke6 55. Rg4 Kf5 56. Rc4 Rb1 57. Kf2 Ke6 58. Rg4 Kf5 59. Rc4 Ke6 60.
Rg4 Kf5 1/2-1/2

[Event "Cuba ch Final"]
[Site "Santa Clara CUB"]
[Date "2006.04.08"]
[Round "22.4"]
[White "Arencibia, Walter"]
[Black "Pozo, Sandro"]
[Result "1-0"]
[WhiteElo "2535"]
[BlackElo "2457"]
[PlyCount "129"]
[EventDate "2006.04.04"]
[EventCountry "CUB"]
[Source "lmi"]
[SourceDate "2006.04.15"]

1. d4 d5 2. c4 c6 3. Nc3 Nf6 4. Nf3 dxc4 5. a4 Bf5 6. e3 e6 7. Bxc4 Bb4 8. O-O
O-O 9. Qe2 Ne4 10. Bd3 Bxc3 11. bxc3 Nxc3 12. Qc2 Bxd3 13. Qxd3 Nd5 14. Rb1 a5
15. Ba3 Nb4 16. Bxb4 axb4 17. Rxb4 Nd7 18. Qb1 b6 19. Rc1 c5 20. Rbc4 Qe7 21.
h3 h6 22. Qb5 Qd6 23. Nd2 Ra5 24. Qb2 Qc6 25. dxc5 bxc5 26. Rg4 f6 27. Qc2 Ne5
28. Nc4 Nxc4 29. Rxc4 Rfa8 30. Ra1 Rd8 31. Rg4 Kh8 32. Rd1 Rxd1+ 33. Qxd1 Qd5
34. Qc2 Qd7 35. Rc4 e5 36. h4 Qc8 37. g4 Qd7 38. Kf1 Qd5 39. Ke2 Kg8 40. f3 Qd7
41. Kf2 Qd5 42. g5 hxg5 43. hxg5 fxg5 44. Rg4 Ra6 45. Qc4 Qxc4 46. Rxc4 Rc6 47.
a5 Kf7 48. Ke2 Ke6 49. Ra4 Ra6 50. Kd3 Kd5 51. e4+ Kc6 52. Kc4 Ra8 53. a6 Ra7
54. Ra3 g6 55. Ra1 Kb6 56. Kd5 Rd7+ 57. Ke6 Ra7 58. Kxe5 Kb5 59. Kd6 c4 60.
Rb1+ Ka4 61. Kc5 c3 62. Kb6 Ra8 63. Kb7 Re8 64. a7 g4 65. fxg4 1-0

[Event "Cuba ch Final"]
[Site "Santa Clara CUB"]
[Date "2006.04.09"]
[Round "23.4"]
[White "Pozo, Sandro"]
[Black "Arencibia, Walter"]
[Result "0-1"]
[WhiteElo "2457"]
[BlackElo "2535"]
[PlyCount "123"]
[EventDate "2006.04.04"]
[EventCountry "CUB"]
[Source "lmi"]
[SourceDate "2006.04.15"]

1. e4 c5 2. Nf3 e6 3. d4 cxd4 4. Nxd4 a6 5. Nc3 b5 6. Be2 Bb7 7. O-O d6 8. Re1
Nd7 9. Bf1 Ngf6 10. Bg5 Be7 11. f3 O-O 12. a3 Rc8 13. Be3 Ne5 14. Qd2 Qc7 15.
Rad1 Rfd8 16. Qf2 Nc4 17. Bxc4 Qxc4 18. Nb3 Nd7 19. Na5 Qc7 20. Nxb7 Qxb7 21.
Bd4 Bf8 22. f4 a5 23. e5 dxe5 24. fxe5 b4 25. Ne4 Nxe5 26. axb4 axb4 27. b3 Ng4
28. Qg3 f5 29. h3 Rxd4 30. Rxd4 Qb6 31. Red1 fxe4 32. Qxg4 Bc5 33. Kh1 Bxd4 34.
Rxd4 Qxd4 35. Qxe6+ Kf8 36. Qxc8+ Ke7 37. Qc7+ Ke6 38. Qc8+ Kf6 39. Qf8+ Kg6
40. Qf4 h5 41. Kh2 Qd5 42. Qg3+ Kh7 43. Qf4 Qe6 44. Qe3 Qd6+ 45. g3 Qc6 46. Qe2
Kg6 47. h4 Qd5 48. Qe3 Kf6 49. Kg2 Qc6 50. Qg5+ Ke6 51. Qg6+ Kd5 52. Qxh5+ Kd4
53. Qe2 Kc3 54. g4 e3+ 55. Kg3 Qe4 56. g5 g6 57. Kh3 Qf4 58. Kg2 Qxh4 59. Qxe3+
Kxc2 60. Kf1 Qh1+ 61. Kf2 Qd5 62. Kg1 0-1

[Event "Cuba ch Final"]
[Site "Santa Clara CUB"]
[Date "2006.04.09"]
[Round "24.3"]
[White "Nogueiras, Jesus"]
[Black "Vera, Reynaldo"]
[Result "1/2-1/2"]
[WhiteElo "2556"]
[BlackElo "2516"]
[PlyCount "64"]
[EventDate "2006.04.04"]
[EventCountry "CUB"]
[Source "lmi"]
[SourceDate "2006.04.15"]

1. Nf3 c5 2. c4 b6 3. g3 Bb7 4. Bg2 Nf6 5. O-O e6 6. Nc3 d6 7. b3 a6 8. Bb2
Nbd7 9. d4 cxd4 10. Nxd4 Bxg2 11. Kxg2 Rc8 12. e3 Rc7 13. Qe2 Be7 14. Rac1 O-O
15. Rfd1 Qb8 16. f4 Re8 17. Qf3 Bf8 18. g4 g6 19. g5 Nh5 20. a4 Nc5 21. b4 Nd7
22. Nc6 Qa8 23. b5 Ng7 24. Ba3 Nf5 25. Kf2 axb5 26. cxb5 d5 27. Bxf8 Kxf8 28.
e4 dxe4 29. Qxe4 Nc5 30. Qe5 Rxc6 31. Qh8+ Ke7 32. Qf6+ Kf8 1/2-1/2

[Event "Cuba ch Final"]
[Site "Santa Clara CUB"]
[Date "2006.04.09"]
[Round "24.4"]
[White "Arencibia, Walter"]
[Black "Pozo, Sandro"]
[Result "0-1"]
[WhiteElo "2535"]
[BlackElo "2457"]
[PlyCount "66"]
[EventDate "2006.04.04"]
[EventCountry "CUB"]
[Source "lmi"]
[SourceDate "2006.04.15"]

1. d4 d5 2. c4 e6 3. Nc3 c5 4. cxd5 exd5 5. Nf3 Nc6 6. g3 Nf6 7. Bg2 Be7 8. O-O
O-O 9. dxc5 Bxc5 10. Na4 Be7 11. Be3 Ne4 12. Rc1 Bg4 13. h3 Bh5 14. Nd4 Na5 15.
Nf5 Bf6 16. Bd4 Re8 17. Re1 Nc6 18. Bxf6 Qxf6 19. g4 Bg6 20. Qxd5 Rad8 21. Qb5
Nd4 22. Qxb7 Bxf5 23. gxf5 Qxf5 24. f3 Ng5 25. Rc5 Qf4 26. Rxg5 Qxg5 27. Nc3
Qd2 28. Kf1 Nc2 29. Rb1 Ne3+ 30. Kf2 Qd4 31. Kg3 Re6 32. Rg1 Nf5+ 33. Kh2 Qf4+
0-1

[Event "Cuba ch Final"]
[Site "Santa Clara CUB"]
[Date "2006.04.10"]
[Round "31.4"]
[White "Pozo, Sandro"]
[Black "Nogueiras, Jesus"]
[Result "1/2-1/2"]
[WhiteElo "2457"]
[BlackElo "2556"]
[PlyCount "134"]
[EventDate "2006.04.04"]
[EventCountry "CUB"]
[Source "lmi"]
[SourceDate "2006.04.15"]

1. e4 e6 2. d4 d5 3. Nc3 Bb4 4. exd5 exd5 5. Bd3 Ne7 6. Qh5 c5 7. dxc5 Nd7 8.
Nge2 Nxc5 9. Bb5+ Bd7 10. O-O O-O 11. Be3 Bf5 12. Qh4 Bxc3 13. Nxc3 Ne6 14.
Rad1 Bxc2 15. Rd2 d4 16. Rxc2 dxe3 17. Rd1 Ng6 18. Rxd8 Nxh4 19. Rxf8+ Kxf8 20.
fxe3 Rc8 21. Bd7 Rc5 22. Bxe6 fxe6 23. Rd2 Ke7 24. Kf2 Nf5 25. Kf3 Nd6 26. g4
Nc4 27. Re2 Ne5+ 28. Kg3 b6 29. h3 h6 30. Kg2 Nd3 31. Ne4 Rc4 32. Ng3 Nb4 33.
a3 Nc6 34. Nh5 g6 35. Ng3 Ne5 36. Rd2 Rc1 37. Ne2 Rc8 38. Nd4 Nc4 39. Re2 e5
40. Nb5 a6 41. Nc3 Ke6 42. Ne4 Rd8 43. b3 Nd6 44. Rd2 Rd7 45. Nc3 b5 46. e4 Rc7
47. Rd3 Rf7 48. Rf3 Rf4 49. Re3 Rf7 50. Rf3 Rc7 51. h4 g5 52. hxg5 hxg5 53. Rh3
Rc5 54. Rh6+ Kd7 55. Rh7+ Kc6 56. Nd5 Nxe4 57. Nb4+ Kb6 58. Rh6+ Kb7 59. Rxa6
Nd2 60. Rg6 e4 61. Re6 Kc8 62. Kf2 Kd7 63. Rg6 Nxb3 64. Ke3 Re5 65. Nc6 Rc5 66.
Nb4 Re5 67. Nc6 Re8 1/2-1/2

[Event "Cuba ch Final"]
[Site "Santa Clara CUB"]
[Date "2006.04.11"]
[Round "32.2"]
[White "Vera, Reynaldo"]
[Black "Arencibia, Walter"]
[Result "1/2-1/2"]
[WhiteElo "2516"]
[BlackElo "2535"]
[PlyCount "37"]
[EventDate "2006.04.04"]
[EventCountry "CUB"]
[Source "lmi"]
[SourceDate "2006.04.15"]

1. d4 d5 2. c4 c6 3. Nc3 Nf6 4. e3 a6 5. Nf3 Bf5 6. Ne5 Nbd7 7. Qb3 Qc7 8. Nxd7
Qxd7 9. Na4 Qc7 10. Nb6 Rd8 11. cxd5 cxd5 12. Qa4+ Bd7 13. Nxd7 Qxd7 14. Qxd7+
Kxd7 15. Bd3 e6 16. Bd2 Bd6 17. f3 h5 18. Ke2 Rc8 19. Rac1 1/2-1/2

[Event "Cuba ch Final"]
[Site "Santa Clara CUB"]
[Date "2006.04.11"]
[Round "32.3"]
[White "Quezada, Yuniesky"]
[Black "Corrales, Fidel"]
[Result "1-0"]
[WhiteElo "2512"]
[BlackElo "2493"]
[PlyCount "91"]
[EventDate "2006.04.04"]
[EventCountry "CUB"]
[Source "lmi"]
[SourceDate "2006.04.15"]

1. e4 c5 2. Nf3 d6 3. d4 cxd4 4. Nxd4 Nf6 5. Nc3 g6 6. Be3 Bg7 7. f3 O-O 8. Qd2
Nc6 9. Bc4 Bd7 10. O-O-O Rb8 11. h4 b5 12. Ndxb5 Qa5 13. Nd4 Qb4 14. Bb3 a5 15.
a4 Nxd4 16. Bxd4 Rfc8 17. Kb1 Be6 18. Bxf6 Bxf6 19. Nd5 Bxd5 20. Qxb4 Rxb4 21.
Rxd5 Rc5 22. Rd2 h5 23. g3 Kf8 24. Ka2 Ke8 25. Rhd1 Rb6 26. f4 Kf8 27. Rd3 Rb4
28. Re1 Rd4 29. Rde3 e5 30. Rf3 Rc7 31. Re2 Rb4 32. c3 Rb6 33. f5 g5 34. hxg5
Bxg5 35. f6 d5 36. Bxd5 Bxf6 37. Rh2 Bg5 38. Rxh5 Rg6 39. Rh8+ Kg7 40. Ra8 Rh6
41. Rxa5 Rh2 42. Rb5 Bd2 43. Ka3 Bc1 44. a5 Ra7 45. Rf1 Rc2 46. Ka2 1-0